Answers contain the word "key" - Statistics

General Stats
  • This quiz has been taken 428 times
    410 since last reset
  • The average score is 7 of 15
Answer Stats
Hint Answer % Correct
Typically 36 black and 52 white of these Piano Keys
85%
Tip of US state that extends into the ocean Florida Keys
74%
Symbolic award from the Mayor (Superman has one) Key to the City
73%
Opens any lock Master Key
66%
Immoral students hunt for this to pass a test Answer Key
61%
American dessert Key Lime Pie
60%
Gives the most imoprtant speech at an event Keynote Speaker
53%
American Soul/Pop Musician Alicia Keys
52%
Used to answer this question Keyboard
51%
Wrote the US National Anthem Francis Scott Key
49%
Explains various notations on a directional guide Map Key
31%
"Gold on the Ceiling" Rock Band The Black Keys
22%
American sketch comedians Key & Peele
15%
A worldwide student service organization Key Club
14%
Numbers and letters entered to access software Product Key
3%
No matching quizzes found
Score Distribution
Percent of People with Each Score
Percentile by Number Answered
Your Score History
You have not taken this quiz since the last reset